=LDR 00000nam 2200000 4500 =001 INLIS000000000058956 =005 20211018072048 =035 ##$$a 0010-1021000404 =007 ta =008 211018###########################0#eng## =020 ##$$a 0-87475-700-2 =082 ##$$a R.503 =084 ##$$a R.503 Com c =245 ##$$a Complete Handyman Do-It Yourself Encyclopedia =250 ##$$a ...Jil. =300 ##$$a 160 halaman : $b Ilustrasi ; $c 26 cm =650 #4$$a Sains - Ensiklopedia =520 ##$$a Yang diterima Vol.1- 21 =264 ##$$a New York :$b H.S. Stuttman,$c 1978 =336 ##$$a teks$2 rdacontent =337 ##$$a lain-lain$2 rdamedia =338 ##$$a lain-lain$2 rdacarrier =990 ##$$a 3202102057 =990 ##$$a 3202102058 =990 ##$$a 3202102059 =990 ##$$a 3202102060 =990 ##$$a 3202102061 =990 ##$$a 3202102062 =990 ##$$a 3202102063 =990 ##$$a 3202102064 =990 ##$$a 3202102065 =990 ##$$a 3202102066 =990 ##$$a 3202102067 =990 ##$$a 3202102068 =990 ##$$a 3202102069 =990 ##$$a 3202102070 =990 ##$$a 3202102071 =990 ##$$a 3202102072 =990 ##$$a 3202102073 =990 ##$$a 3202102074 =990 ##$$a 3202102075 =990 ##$$a 3202102076 =990 ##$$a 3202102077